00790nac a22002171u 4500020001500000082001300015090001500028100003400043245007600077250001200153260006800165300003500233500002600268504005200294511002600346650002200372700003100394942001500425999001500440952011700455 a0136066747 a320bPOL c9519d9519 a20080729  aPolitical science :ban introduction /c Michael G. Roskin ... [et al.] a9th ed. a Upper Saddle River, N.J. :bPearson Prentice Hall, 2006.c2006 axxv, 422 p. :bill., ;c 24 cm adistributer: Al-Ahram a Includes bibliographical references and index. acatalogued by: wessam aPolitical science aRoskin, Michael G.,d1939- cBBk320POL c9519d9519 00104070aMAINbMAINc1STd2008-05-18ePurchasel6m12o320POLp000011579r2025-07-15 00:00:00s2017-09-26yBB